Văn hóa nguyên thủy

Dịch từ bản tiếng Nga: Pervobytnaja Kultura; Nghiên cứu khảo cổ và lịch sử văn hóa; sự chuyển biến từ trạng thái hoang dã đến văn minh, sự khác nhau giữa các tầng văn hóa và các yếu tố liên quan như: nghi thức, nghi lễ, định chế xã hội...

সম্পূর্ণ বিবরণ

সংরক্ষণ করুন:
গ্রন্থ-পঞ্জীর বিবরন
প্রধান লেখক: Tylor, Edward
অন্যান্য লেখক: Huyền Giang
বিন্যাস: গ্রন্থ
ভাষা:Undetermined
প্রকাশিত: H. Tri thức 2019
বিষয়গুলি:
অনলাইন ব্যবহার করুন:http://lrc.tdmu.edu.vn/opac/search/detail.asp?aID=2&ID=36766
ট্যাগগুলো: ট্যাগ যুক্ত করুন
কোনো ট্যাগ নেই, প্রথমজন হিসাবে ট্যাগ করুন!
Thư viện lưu trữ: Trung tâm Học liệu Trường Đại học Thủ Dầu Một
LEADER 01015nam a2200217Ia 4500
001 TDMU_36766
008 210410s9999 xx 000 0 und d
082 |a 363.7 
090 |b T606 
100 |a Tylor, Edward 
245 0 |a Văn hóa nguyên thủy 
245 0 |c Edward Tylor; Huyền Giang (dịch) 
260 |a H. 
260 |b Tri thức 
260 |c 2019 
300 |a 901tr. 
520 |a Dịch từ bản tiếng Nga: Pervobytnaja Kultura; Nghiên cứu khảo cổ và lịch sử văn hóa; sự chuyển biến từ trạng thái hoang dã đến văn minh, sự khác nhau giữa các tầng văn hóa và các yếu tố liên quan như: nghi thức, nghi lễ, định chế xã hội 
650 |a Lịch sử  |x Thời đại nguyên thủy  |x Văn minh 
700 |a Huyền Giang 
856 |u http://lrc.tdmu.edu.vn/opac/search/detail.asp?aID=2&ID=36766 
980 |a Trung tâm Học liệu Trường Đại học Thủ Dầu Một